UM Logo

America's premier gunmakers: (Record no. 11819)

MARC details
000 -LEADER
fixed length control field 00683nam a22001937a 4500
008 - FIXED-LENGTH DATA ELEMENTS--GENERAL INFORMATION
fixed length control field 190108b ||||| |||| 00| 0 eng d
020 ## - INTERNATIONAL STANDARD BOOK NUMBER
International Standard Book Number 978-1-57215-103-1
082 ## - DEWEY DECIMAL CLASSIFICATION NUMBER
Edition number 2011
Classification number DRef 683.4
Item number K635
100 ## - MAIN ENTRY--PERSONAL NAME
Personal name Kirkland, K.D.
9 (RLIN) 33655
245 ## - TITLE STATEMENT
Title America's premier gunmakers:
Remainder of title Remington /
Statement of responsibility, etc. K.D. Kirkland
260 ## - PUBLICATION, DISTRIBUTION, ETC. (IMPRINT)
Place of publication, distribution, etc. East Bridgewater, MA :
Name of publisher, distributor, etc. JG Press ; World Publications Group, Inc.
Date of publication, distribution, etc. 2011
300 ## - PHYSICAL DESCRIPTION
Extent 109 pages :
Other physical details color illustrations ;
Dimensions 23 cm.
500 ## - GENERAL NOTE
General note includes index.
650 ## - SUBJECT ADDED ENTRY--TOPICAL TERM
Topical term or geographic name as entry element Remington Arms Company
General subdivision History
9 (RLIN) 33658
650 ## - SUBJECT ADDED ENTRY--TOPICAL TERM
Topical term or geographic name as entry element Firearms
Geographic subdivision United States
9 (RLIN) 33659
General subdivision History
650 ## - SUBJECT ADDED ENTRY--TOPICAL TERM
Topical term or geographic name as entry element Ammunition
General subdivision History
9 (RLIN) 33660
365 ## - TRADE PRICE
Price amount 190.00
Currency code Php.
942 ## - ADDED ENTRY ELEMENTS (KOHA)
Source of classification or shelving scheme Dewey Decimal Classification
Koha item type Reference
Holdings
Withdrawn status Lost status Source of classification or shelving scheme Damaged status Not for loan Collection code Home library Current library Source of acquisition Cost, normal purchase price Total Checkouts Full call number Barcode Date last seen Copy number Price effective from Koha item type
    Dewey Decimal Classification     Reference UM Digos College - LIC UM Digos College - LIC Purchased 190.00   DRef 683.4 K635 2011 25384 05/15/2025 1 01/08/2019 Reference